000
00230nam a22000857a 4500
008
160705b xxu||||| |||| 00| 0 eng d
100
_9
2077
_a
Chauhan, C.P.S
245
_a
Modern Indian Education
260
_a
New Delhi
_b
Kanishka
_c
2004
999
_c
1773
_d
1773